书目信息 |
| 题名: |
预弯预应力组合梁桥技术标准= Technical standard for preflexed composite beam bridges
|
|
| 作者: | ;中国住房和城乡建设部批准 | |
| 分册: | ||
| 出版信息: | 北京 中国建筑工业出版社 2018.08 |
|
| 页数: | 135页 | |
| 开本: | 20cm | |
| 丛书名: | 中华人民共和国行业标准 | |
| 单 册: | ||
| 中图分类: | U448.21-65 | |
| 科图分类: | ||
| 主题词: | 桥涵工程 | |
| 电子资源: | ||
| ISBN: | ||
| 000 | 00908nam0 2200217 450 | |
| 001 | 1952713791 | |
| 005 | 20190318144221.85 | |
| 010 | @dCNY32.00 | |
| 100 | @a20190318d2018 km y0chiy0120 ea | |
| 101 | 0 | @achi |
| 102 | @aCN@b110000 | |
| 200 | 1 | @a预弯预应力组合梁桥技术标准= Technical standard for preflexed composite beam bridges@AYu Wan Yu Ying Li Zu He Liang Qiao Ji Shu Biao Zhun=Technical standard for preflexed composite beam bridges@f中国住房和城乡建设部批准@FZhong Guo Zhu Fang He Cheng Xiang Jian She Bu Pi Zhun |
| 210 | @a北京@c中国建筑工业出版社@d2018.08 | |
| 215 | @a135页@d20cm | |
| 225 | 2 | @a中华人民共和国行业标准 |
| 410 | 0 | @12001 @a中华人民共和国行业标准 |
| 606 | 0 | @a桥涵工程 |
| 690 | @aU448.21-65@v4 | |
| 711 | 02 | @a中国住房和城乡建设部批准@AZhong Guo Zhu Fang He Cheng Xiang Jian She Bu Pi Zhun |
| 801 | 0 | @aCN@b大连网信软件有限公司图书馆·11@c20190318 |
| 905 | @aZUCC@dU448.21-65@eZ661 | |
| 预弯预应力组合梁桥技术标准= Technical standard for preflexed composite beam bridges/中国住房和城乡建设部批准.-北京:中国建筑工业出版社,2018.08 |
| 135页;20cm.-(中华人民共和国行业标准) |
| ISBN :CNY32.00 |
| ● |
| 相关链接 |
|
|
|
正题名:预弯预应力组合梁桥技术标准= Technical st
索取号:U448.21-65/Z661
 
预约/预借
| 序号 | 登录号 | 条形码 | 馆藏地/架位号 | 状态 | 备注 |
| 1 | 1305194 | 213051944 | 自科库501/501自科库 55排2列1层/ [索取号:U448.21-65/Z661] | 在馆 |